000 00675nam a2200217Ia 4500
008 101110s9999 xx 000 0 und d
041 _aENGLISH
082 _bJR5705
100 _aDharmadhikari M.T.
245 _aModel question paper sets: physics (with solutions) MHT-CET : Med/Engg/Pharmacy
260 _c2008
_bHimalaya,Mumbai
300 _a194
365 _b110
520 _aPhysics
546 _aENGLISH
630 _aModel question paper sets: physics (with solutions) MHT-CET : Med/Engg/Pharmacy
650 _aPhysics
655 _aPhysics
730 _aModel question paper sets: physics (with solutions) MHT-CET : Med/Engg/Pharmacy
942 _cBOOK
999 _c796500
_d796497